Código del Trabajo. Sistematizado con jurisprudencia

Guardat en:
Dades bibliogràfiques
Altres autors: Caamaño Rojo, Eduardo Andrés (Director)
Format: Llibre
Idioma:espanyol
Publicat: Santiago, Chile Legal Publishing 2012
Matèries:
Etiquetes: Afegir etiqueta
Sense etiquetes, Sigues el primer a etiquetar aquest registre!

MARC

LEADER 00000cam a2200000 a 4500
001 UCG9811
003 CL-VaPUC
005 20230809165720.0
008 120405e20120000CL |||||||||||||||||spa|d
999 |c 347351  |d 347349 
020 |a 9789563461046o.c 
020 |a 9789563461053t.1 
020 |a 9789563461060t.2 
020 |a 9789563461077t.3 
020 |a 9789563461084t.4 
040 |c Pontificia Universidad Católica de Valparaíso 
082 0 4 |a 344.8301 CAA 2012  |2 21 
100 1 |a Caamaño Rojo, Eduardo Andrés  |e director  |9 884117 
245 1 0 |a Código del Trabajo.  |b Sistematizado con jurisprudencia 
260 |a Santiago, Chile   |b Legal Publishing  |c 2012 
300 |a cuatro tomos  
583 |a last modification  |c 20170803 12:58:59  |k Rodrigo Vera 
650 7 |a DERECHO LABORAL  |2 CL-VaPUC  |9 15 
650 7 |a CONTRATO DE TRABAJO  |2 CL-VaPUC  |9 561513 
650 0 |a Empresas   |9 255569 
650 7 |a EMPLEADOS PARTICULARES  |2 CL-VaPUC  |9 388422 
650 7 |a REMUNERACIONES  |2 CL-VaPUC  |9 371777 
852 |a BIBCUR 
942 |c BK  |2 ddc 
945 |d 20120405 00:00:00  |a dcastane 
952 |0 0  |1 0  |4 0  |6 344_830100000000000_CAA_2012  |7 0  |8 A  |9 448616  |a BIBDER  |b BIBDER  |d 2019-11-22  |h t.1  |i 4845218  |l 1  |o 344.8301 CAA 2012  |p 4845218  |r 2025-03-03  |s 2025-01-15  |w 2019-11-22  |y BK  |k DER 
952 |0 0  |1 0  |4 0  |6 344_830100000000000_CAA_2012  |7 0  |8 A  |9 448617  |a BIBDER  |b BIBDER  |d 2019-11-22  |h t.2  |i 4845226  |o 344.8301 CAA 2012  |p 4845226  |r 2023-01-25  |w 2019-11-22  |y BK  |k DER 
952 |0 0  |1 0  |4 0  |6 344_830100000000000_CAA_2012  |7 0  |8 A  |9 448618  |a BIBDER  |b BIBDER  |d 2019-11-22  |h t.3  |i 4845234  |o 344.8301 CAA 2012  |p 4845234  |r 2023-01-25  |w 2019-11-22  |y BK  |k DER 
952 |0 0  |1 0  |4 0  |6 344_830100000000000_CAA_2012  |7 0  |8 A  |9 448619  |a BIBDER  |b BIBDER  |d 2019-11-22  |h t.4  |i 4845242  |o 344.8301 CAA 2012  |p 4845242  |r 2023-01-25  |w 2019-11-22  |y BK  |k DER